أديان الهند الكبرى : (رقم التسجيلة. 11190)

تفاصيل مارك
000 -LEADER
fixed length control field 00629nam a22001937a 4500
005 - DATE AND TIME OF LATEST TRANSACTION
control field 20251108164647.0
008 - FIXED-LENGTH DATA ELEMENTS--GENERAL INFORMATION
fixed length control field 250721s1993 xx 000 0 ara d
082 14 - DEWEY DECIMAL CLASSIFICATION NUMBER
Classification number 291/شلب
100 1# - MAIN ENTRY--PERSONAL NAME
Personal name شلبي، أحمد
245 10 - TITLE STATEMENT
Title أديان الهند الكبرى :
Remainder of title الهندوسيه - الجينيه - البوذيه /
250 ## - EDITION STATEMENT
Edition statement ط9.
264 1# - PRODUCTION, PUBLICATION, DISTRIBUTION, MANUFACTURE, AND COPYRIGHT NOTICE
Place of production, publication, distribution, manufacture القاهره :
Name of producer, publisher, distributor, manufacturer مكتبة النهضه المصريه،
Date of production, publication, distribution, manufacture, or copyright notice 1993.
300 ## - PHYSICAL DESCRIPTION
Extent 228ص.
490 0# - SERIES STATEMENT
Series statement مقارنة الأديان ؛4
650 17 - SUBJECT ADDED ENTRY--TOPICAL TERM
Topical term or geographic name as entry element الديانات الهندية
650 17 - SUBJECT ADDED ENTRY--TOPICAL TERM
Topical term or geographic name as entry element الديانات المقارنة
942 ## - ADDED ENTRY ELEMENTS (KOHA)
Source of classification or shelving scheme Dewey Decimal Classification
Koha item type كتب
المقتنيات
حالة السحب حالة الفقدان مصدر التصنيف حالة التلف غير قابل للإعارة المكتبة الرئيسية المكتبة الحالية موقع الرف تاريخ التزويد الرقم المتسلسل Total Checkouts رقم الإستدعاء تاريخ آخر ظهور تاريخ الفاتورة نوع المادة (كوها) الباركود
    Dewey Decimal Classification Unchecked   مكتبة الأميرة ايمان العامة مكتبة الأميرة ايمان العامة الإعارة 06/07/2004 4802   291/شلب 28/07/2025 06/07/2004 كتب  
    Dewey Decimal Classification     مكتبة صويلح العامة مكتبة صويلح العامة الإعارة 16/02/2016 [2594   291/شلب 28/07/2025 16/02/2016 كتب PLD00374597
Implemented & Customized by: BBB with SCIT (Smart Chains for Information Technology)

Powered by Koha